Catálogo
 En Linea

Almanaque mundial 1984 / (Registro nro. 36196)

Detalles MARC
000 -CABECERA
campo de control de longitud fija 00786nam a2200193 a 4500
001 - NÚMERO DE CONTROL
campo de control 000036705
005 - FECHA Y HORA DE LA ÚLTIMA TRANSACCIÓN
campo de control 20200930075903.0
008 - DATOS DE LONGITUD FIJA--INFORMACIÓN GENERAL
campo de control de longitud fija 120125s1983 pn a 000 0 spa d
040 ## - FUENTE DE LA CATALOGACIÓN
Centro catalogador/agencia de origen DO-SdBNP
Lengua de catalogación spa
Centro/agencia transcriptor BNPHU
245 00 - MENCIÓN DE TÍTULO
Título Almanaque mundial 1984 /
Mención de responsabilidad, etc. redacción: Abelardo Iglesias, René A. Leyva, Daniel Fernández ; colaboradores: Gerardo Canet... [et al.] ; dibujos, ilustraciones, mapas: Marcelo Cañadas... [et al.] ; fotos: UPI... [et al.].
260 ## - PUBLICACIÓN, DISTRIBUCIÓN, ETC.
Lugar de publicación, distribución, etc. Panamá :
Nombre del editor, distribuidor, etc. América,
Fecha de publicación, distribución, etc. 1983.
300 ## - DESCRIPCIÓN FÍSICA
Extensión 672, Bxvi p. :
Otras características físicas il., col. ;
Dimensiones 20 cm.
650 24 - PUNTO DE ACCESO ADICIONAL DE MATERIA--TÉRMINO DE MATERIA
Término de materia o nombre geográfico como elemento de entrada Sucesos mundiales
9 (RLIN) 62995
700 1# - PUNTO DE ACCESO ADICIONAL--NOMBRE DE PERSONA
Nombre de persona Iglesias, Abelardo
9 (RLIN) 62996
700 1# - PUNTO DE ACCESO ADICIONAL--NOMBRE DE PERSONA
Nombre de persona Leyva, René A.
9 (RLIN) 62997
700 1# - PUNTO DE ACCESO ADICIONAL--NOMBRE DE PERSONA
Nombre de persona Fernández, Daniel
9 (RLIN) 62998
700 1# - PUNTO DE ACCESO ADICIONAL--NOMBRE DE PERSONA
Nombre de persona Canet, Gerardo,
Término indicativo de función/relación col.
9 (RLIN) 62999
700 1# - PUNTO DE ACCESO ADICIONAL--NOMBRE DE PERSONA
Nombre de persona Cañadas, Marcelo,
Término indicativo de función/relación il.
9 (RLIN) 63000
Existencias
Estado de retiro Estado de pérdida Restricciones de uso No para préstamo Código de colección Localización permanente Ubicación/localización actual Ubicación en estantería Fecha de adquisición Número de inventario Total de préstamos Signatura topográfica completa Código de barras Fecha visto por última vez Precio válido a partir de Tipo de ítem Koha
      Excluido de préstamo Monografías: Libros y Folletos General General En catalogación 25.01.2012 LF1   36705-10 25.06.2020 25.06.2020 No se presta

Con tecnología Koha